000 00658nam a2200193 i 4500
001 160633
003 ES-MaACL
005 20230906212107.0
008 010326s1885 fr a |||| | fre d
080 _a621.352
100 1 _aNiaudet Breguet, Alfred.
_9141854
245 1 0 _aTraité élémentaire de la pile électrique / par Alfred Niaudet ; suivie d'une notice sur les accumulateurs par E. Hóspitalier.
250 _a3ème éd. rev. et augm.
260 _aParis :
_bBaudry,
_c1885.
300 _aXV, 352 p. :
_bil. ;
_c25 cm.
650 0 4 _aPilas eléctricas.
_915999
700 1 _aHospitalier, E.
_964290
852 _aES-MaACL
_jB-1990
_z. - Enc. hol.
999 _c160633
_d160633